Statistics for ALL RADIOHEAD SONGS, ALBUMS AND EPS (REAL)

Click here to take the quiz!

General Stats

  • This quiz has been taken 10 times
  • The average score is 43 of 213

Answer Stats

Answer% Correct
Creep
75%
CREEP EP (1992)
75%
Kid A
75%
KID A (2000)
75%
PABLO HONEY (1993)
75%
Paranoid Android
75%
PARANOID ANDROID (1997)
75%
Blow Out
63%
My Iron Lung
63%
MY IRON LUNG (1993)
63%
OK COMPUTER (1997)
63%
Planet Telex
63%
Street Spirit
63%
STREET SPIRIT (1996)
63%
The Bends
63%
THE BENDS (1995)
63%
You
63%
Airbag
50%
AMNESIAC (2001)
50%
DRILL EP (1992)
50%
High and Dry
50%
HIGH AND DRY - PLANET TELEX (1995)
50%
How I Made My Millions
50%
Lucky
50%
Million Dollar Question
50%
Morning Bell/Amnesiac
50%
(Nice Dream)
50%
No Surprises
50%
NO SURPRISES (1998)
50%
Palo Alto
50%
Stupid Car
50%
Vegetable
50%
A MOON SHAPED POOL (2016)
38%
Bullet Proof... I Wish I Was
38%
Climbing Up The Walls
38%
Fake Plastic Trees
38%
FAKE PLASTIC TREES (1995)
38%
HAIL TO THE THIEF (2003)
38%
IN RAINBOWS (2007)
38%
Karma Police
38%
KARMA POLICE (1997)
38%
Man Of War
38%
Pearly
38%
Stop Whispering
38%
THE KING OF LIMBS (2011)
38%
Yes I Am
38%
2 + 2 = 5
25%
Anyone Can Play Guitar
25%
ANYONE CAN PLAY GUITAR (1993)
25%
A Wolf At The Door
25%
Banana Co
25%
Bishop's Robes
25%
Black Star
25%
Everything In It's Right Place
25%
Faithless the Wonder Boy
25%
How Do You?
25%
Inside My Head
25%
I Promise
25%
Just
25%
Lift
25%
Lull
25%
Maquiladora
25%
Polyethylene
25%
Pyramid Song
25%
PYRAMID SONG (2001)
25%
Ripcord
25%
Separator
25%
Sulk
25%
Talk Show Host
25%
The National Anthem
25%
The Tourist
25%
Thinking About You
25%
All I Need
13%
A Reminder
13%
Bloom
13%
Bodysnatchers
13%
Bones
13%
Burn The Witch
13%
Codex
13%
Coke Babies
13%
COM LAG (2004)
13%
Dollars and Cents
13%
Fitter Happier
13%
Glass Eyes
13%
How Can You Be Sure?
13%
I Can't
13%
Identikit
13%
Idioteque
13%
Ill Wind
13%
India Rubber
13%
IN RAINBOWS DISK 2 (2007)
13%
I Will
13%
Jigsaw Falling Into Place
13%
Killer Cars
13%
Knives Out
13%
KNIVES OUT (2001)
13%
Let Down
13%
Lewis
13%
Life in a Glasshouse
13%
Little by Little
13%
Lurgee
13%
Meeting in the Aisle
13%
Molasses
13%
Nude
13%
OKNOTOK (2017)
13%
Optimistic
13%
Present Tense
13%
Prove Yourself
13%
Reckoner
13%
Spectre
13%
Subterranean Homesick Alien
13%
The Amazing Sounds of Orgy
13%
The Gloaming
13%
The Numbers
13%
There, There
13%
The Trickster
13%
Trans Atlantic Drawl
13%
Treefingers
13%
15 Step
0%
4 Minute Warning
0%
Alt. Fast Track
0%
A Punch Up At A Wedding
0%
Backdrifts
0%
Bangers + Mash
0%
Cuttooth
0%
Daydreaming
0%
Decks Dark
0%
Desert Island Disk
0%
Down Is The New Up
0%
Electioneering
0%
Exit Music (For a Film)
0%
Fast Track
0%
Faust Arp
0%
Feral
0%
Fog
0%
Fog - Again Again Version
0%
Follow Me Around
0%
Ful Stop
0%
Gagging Order
0%
Give Up The Ghost
0%
Go Slowly
0%
Go To Sleep
0%
Harry Patch (In Memory Of)
0%
House Of Cards
0%
How to Disappear Completely
0%
How To Disappear Into Strings
0%
Hunting Bears
0%
I Am A Wicked Child
0%
I Am Citizen Insane
0%
If You Say The Word
0%
I Might Be Wrong
0%
In Limbo
0%
I Want None Of This
0%
KID A MNESIA (2021)
0%
Kinetic
0%
Last Flowers
0%
Like Spinning Plates
0%
Lotus Flower
0%
Lozenge of Love
0%
Melatonin
0%
MK 1
0%
MK 2
0%
Morning Bell
0%
Morning Bell - In The Dark Version
0%
Morning Mr Magpie
0%
Motion Picture Soundtrack
0%
Myxomatosis
0%
Packt Like Sardines In a Crushd Tin Box
0%
Paperbag Writer
0%
Permanent Daylight
0%
Pulk/Pull Revolving Doors
0%
Pulk/Pull - True Love Waits Version
0%
Punchdrunk Lovesick Singalong
0%
Pyramid Strings
0%
Sail to the Moon
0%
Scatterbrain
0%
Sit Down. Stand Up
0%
Staircase
0%
Supercollider
0%
The Butcher
0%
The Daily Mail
0%
These Are My Twisted Words (2009)
0%
Tinker Tailor Soldier Sailor Rich Man Poor Man Beggar Man Thief
0%
True Love Waits
0%
Untitled
0%
Untitled v1
0%
Untitled v2
0%
Untitled v3
0%
Up On The Ladder
0%
Videotape
0%
Weird Fishes /Arpeggi
0%
We Suck Young Blood
0%
Where Bluebirds Fly
0%
Where I End And You Begin
0%
Worrywort
0%
You And Whose Army?
0%
You Never Wash Up Until Yourself
0%

Score Distribution

Percentile by Number Answered

Percent of People with Each Score

Your Score History

You have not taken this quiz